ՀՀ Գիտությունների ազգային ակադեմիայի հիմնարար գիտական գրադարան  =   Fundamental Scientific Library of NAS RA

Սարյանը և թատրոնը = (Record no. 98215)

MARC details
000 -LEADER
fixed length control field 01209nam a2200241 u 4500
003 - CONTROL NUMBER IDENTIFIER
control field AM-YeHGA
005 - DATE AND TIME OF LATEST TRANSACTION
control field 20250618071804.0
008 - FIXED-LENGTH DATA ELEMENTS--GENERAL INFORMATION
fixed length control field 031013s1960 ai r 000 0 arm d
040 ## - CATALOGING SOURCE
Original cataloging agency AM-YeHGA
090 ## - LOCALLY ASSIGNED LC-TYPE CALL NUMBER (OCLC); LOCAL CALL NUMBER (RLIN)
-- 99525
100 1# - MAIN ENTRY--PERSONAL NAME
Personal name Խալաթյան, Լևոն Արտավազդի,
Dates associated with a name 1922-1984
9 (RLIN) 3588
245 10 - TITLE STATEMENT
Title Սարյանը և թատրոնը =
Remainder of title Сарьян и театр: [Թատերական ձևավորումները հայ և ռուս բեմերում] /
Statement of responsibility, etc. Լ.Ա. Խալաթյան; Խմբ.՝ Ս. Աղաբաբյան.
260 ## - PUBLICATION, DISTRIBUTION, ETC.
Place of publication, distribution, etc. Երևան :
Name of publisher, distributor, etc. ՀԹԸ հրատ.,
Date of publication, distribution, etc. 1960.
300 ## - PHYSICAL DESCRIPTION
Extent 155 էջ :
Other physical details գունանկ. ;
Dimensions 22 սմ.
504 ## - BIBLIOGRAPHY, ETC. NOTE
Bibliography, etc. note Ծանոթագրություններ, աղբյուրներ, լրացումներ, էջ՝ 139-155
600 14 - SUBJECT ADDED ENTRY--PERSONAL NAME
Personal name Սարյան, Մարտիրոս Սարգսի,
Dates associated with a name 1880-1972
9 (RLIN) 1036
650 14 - SUBJECT ADDED ENTRY--TOPICAL TERM
Topical term or geographic name entry element Հայ արվեստ
General subdivision Գեղանկարչություն
650 14 - SUBJECT ADDED ENTRY--TOPICAL TERM
Topical term or geographic name entry element Թատրոն
653 0# - INDEX TERM--UNCONTROLLED
Uncontrolled term Հայ անվանի գեղանկարիչներ
700 1# - ADDED ENTRY--PERSONAL NAME
Personal name Աղաբաբյան, Սուրեն Բարդուղի,
Dates associated with a name 1922-1986
Relator term խմբ.
Relationship edt
9 (RLIN) 1553
856 4# - ELECTRONIC LOCATION AND ACCESS
Uniform Resource Identifier <a href="https://arar.sci.am/dlibra/publication/334110/edition/306047/content">https://arar.sci.am/dlibra/publication/334110/edition/306047/content</a>
Link text Կարդալ առցանց
942 ## - ADDED ENTRY ELEMENTS (KOHA)
Source of classification or shelving scheme Universal Decimal Classification
Koha item type Գրքեր / Books
Holdings
Withdrawn status Lost status Damaged status Not for loan Collection Home library Current library Date acquired Total checkouts Full call number Barcode Date last seen Cost, replacement price Price effective from Koha item type Public note
        General Fundamental Scientific Library Fundamental Scientific Library 22/12/2016   AII/25934 220025934 22/12/2016 1.00 22/12/2016 Գրքեր / Books 30 Days Loan
        General Fundamental Scientific Library Fundamental Scientific Library 22/12/2016   929:75(479.25) 220066731 22/12/2016   22/12/2016 Գրքեր / Books 30 Days Loan
        General Fundamental Scientific Library Fundamental Scientific Library 22/12/2016   929:75(479.25) 220066732 22/12/2016   22/12/2016 Գրքեր / Books 30 Days Loan
        General Fundamental Scientific Library Fundamental Scientific Library 22/12/2016   AII/25933 220025933 22/12/2016 1.00 22/12/2016 Գրքեր / Books 30 Days Loan


ՀՀ ԳԱԱ հիմնարար գիտական գրադարան
ՀՀ,Երևան 0019
Մարշալ Բաղրամյան 24/6
հեռախոս:(374-10) 52-47-50
Հետադարձ կապ

All site content, except where otherwise noted, is licensed under a
Creative Commons License